Fuerza de trabajo y movimientos laborales en América Latina /

محفوظ في:
التفاصيل البيبلوغرافية
المؤلف الرئيسي: Kaztman, Rubén
مؤلفون آخرون: comp. Reyna, José Luis comp
التنسيق: نص
منشور في: México D.F: El Colegio de México
الوسوم: إضافة وسم
لا توجد وسوم, كن أول من يضع وسما على هذه التسجيلة!

MARC

LEADER 00000 a a2200000 04500
001 23896
003
040
090 |a 165100  
100 |a Kaztman, Rubén  
245 |a Fuerza de trabajo y movimientos laborales en América Latina /  |c Rubén Kaztman 
260 |a México D.F:   |b El Colegio de México  
300 |a 337 p   |b **no definido**   |b map.  
700 |a comp.   |a Reyna, José Luis   |a comp  
999 |c 17505  |d 17505